| 000 | 01042nam a2200277 i 4500 | ||
|---|---|---|---|
| 001 | 34227 | ||
| 003 | ES-MaACL | ||
| 005 | 20250918183815.0 | ||
| 007 | t| | ||
| 008 | 030204s1973 sp ||||1| spa d | ||
| 020 | _a84-299-0040-3 | ||
| 100 | 1 |
_aBogoliubov, Aleksei. _929808 |
|
| 245 | 1 | 3 |
_aUn héroe español del progreso _b: Agustín de Betancourt / _cAleksei Bogoliubov ; con un prólogo de Julio Caro Baroja ; y un epílogo de José A. García-Diego ; [versión... José Fernández Sánchez]. |
| 260 |
_aMadrid : _bSeminarios y Ediciones, _c[1973] |
||
| 300 |
_a188 p., 4 lám. ; _c18 cm. |
||
| 490 | 1 |
_aHora h ; _v36 |
|
| 504 | _aBibliografía. | ||
| 600 | 1 | 7 |
_aBetancourt, Agustín de, _d1758-1824 _2 _9152180 |
| 700 | 1 |
_aCaro Baroja, Julio, _d1914-1995 _935403 |
|
| 700 | 1 |
_aGarcía-Diego, José A. _954541 |
|
| 700 | 1 |
_aFernández Sánchez, José, _d1925-2011 _9152297 |
|
| 830 | 0 |
_aHora h ; _v36 _9181966 |
|
| 852 |
_aES-MaACL _jC-52922 _bR.85974 |
||
| 852 |
_aES-MaACL _jD-5126 |
||
| 999 |
_c34227 _d34227 |
||